Statistiken für Schweizer Kantone nach BIP

Klicken Sie hier um das Quiz zu spielen!

Allgemein

  • Dieses Quiz wurde 27 mal gespielt
  • Das Durchschnittsergebnis liegt bei 21 aus 26

Antwortstatistiken

Mio. CHFKanton% Korrekt
149'004Zürich
96%
80'209Bern
92%
9'876Schwyz
92%
1'985Uri
92%
37'168Basel-Stadt
88%
51'976Genf
88%
14'519Graubünden
88%
43'590Aargau
85%
19'180Freiburg
81%
4'687Jura
81%
28'176Luzern
81%
7'244Schaffhausen
81%
18'029Solothurn
81%
38'041St. Gallen
81%
20'029Zug
81%
2'763Glarus
77%
15'343Neuenburg
77%
29'311Tessin
77%
19'194Wallis
77%
3'190Appenzell Ausserrhoden
73%
1'043Appenzell Innerrhoden
73%
56'898Waadt
73%
2'867Nidwalden
69%
2'564Obwalden
69%
17'208Thurgau
69%
20'567Basel-Landschaft
62%

Verteilung der Resultate

Perzentil nach korrekt beantworteten Fragen

Anzahl Personen mit jedem Resultat

Ihre Resultats-Entwicklung

Sie haben dieses Quiz noch nicht gespielt